Community organizing participatory action research (CO-PAR) for community health development : (Record no. 291581)
[ view plain ]
| 000 -LEADER | |
|---|---|
| fixed length control field | 00905nam a2200277Ia 4500 |
| 008 - FIXED-LENGTH DATA ELEMENTS--GENERAL INFORMATION | |
| fixed length control field | 160319s9999 xx 000 0 und d |
| 020 ## - INTERNATIONAL STANDARD BOOK NUMBER | |
| International Standard Book Number | 9717560269 |
| 050 ## - LIBRARY OF CONGRESS CALL NUMBER | |
| Classification number | FIL RA 541.P6 |
| 050 ## - LIBRARY OF CONGRESS CALL NUMBER | |
| Item number | .J56 2002 c.1 |
| 100 ## - MAIN ENTRY--PERSONAL NAME | |
| Personal name | Jimenez, Carmen E. |
| 245 ## - TITLE STATEMENT | |
| Title | Community organizing participatory action research (CO-PAR) for community health development : |
| 245 ## - TITLE STATEMENT | |
| Remainder of title | helping people grow and glow / |
| 245 ## - TITLE STATEMENT | |
| Statement of responsibility, etc | Carmen E . Jimenez. |
| 250 ## - EDITION STATEMENT | |
| Edition statement | 2nd Edition |
| 260 ## - PUBLICATION, DISTRIBUTION, ETC. (IMPRINT) | |
| Place of publication, distribution, etc | Lucena City: |
| 260 ## - PUBLICATION, DISTRIBUTION, ETC. (IMPRINT) | |
| Name of publisher, distributor, etc | [s.n.] : |
| 260 ## - PUBLICATION, DISTRIBUTION, ETC. (IMPRINT) | |
| Date of publication, distribution, etc | 2002 |
| 300 ## - PHYSICAL DESCRIPTION | |
| Extent | 196 pages : |
| 300 ## - PHYSICAL DESCRIPTION | |
| Other physical details | illustrations ; |
| 300 ## - PHYSICAL DESCRIPTION | |
| Dimensions | 23 cm. |
| 500 ## - GENERAL NOTE | |
| General note | Includes bibliographical references. |
| 650 ## - SUBJECT ADDED ENTRY--TOPICAL TERM | |
| Topical term or geographic name as entry element | Community health services -- Philippines -- Citizan participation. |
| 650 ## - SUBJECT ADDED ENTRY--TOPICAL TERM | |
| Topical term or geographic name as entry element | Participant observation -- Philippines. |
| 650 ## - SUBJECT ADDED ENTRY--TOPICAL TERM | |
| General subdivision | Action research -- Philippines. |
| 650 ## - SUBJECT ADDED ENTRY--TOPICAL TERM | |
| General subdivision | Primary health care -- Philippines. |
| Withdrawn status | Lost status | Damaged status | Home library | Current library | Shelving location | Date acquired | Cost, normal purchase price | Total Checkouts | Full call number | Barcode | Date last seen | Price effective from | Koha item type |
|---|---|---|---|---|---|---|---|---|---|---|---|---|---|
| South Mansfield College | South Mansfield College | Filipiniana Section | 03/07/2005 | 250.00 | FIL RA 541.P6 .J56 2002 c.1 | SMC00451 | 03/19/2016 | 03/19/2016 |